000 00588nai a2200181Ia 4500
003 IN-BaIIA
008 211028c9999 xx s 000 0 eng d
022 _a1615-3375 (Print)
022 _a1615-3383 (Online)
040 _cIIA Library
245 0 _aFoundations of Computational Mathematics
_h[eJournal]
260 _aNew York, USA
_bSpringer US
310 _aBi-monthly
362 _a1(2); 2001 - Present
521 _bSubscribed through National Knowledge Resource Consortium (NKRC)
856 _uhttps://www.springer.com/journal/10208
_yClick Here to Access eJournal
942 _cEJ
999 _c34398
_d34398